000 00428nam a22001817a 4500
003 OSt
005 20250318132945.0
008 250318b |||||||| |||| 00| 0 eng d
020 _a9788195379514
082 _a8H3
_bPRAJ
100 _aPrasad, Jaishankar
245 _aJayshankar prasad sarvashresth
260 _aGurugram
_bLexicon Books
300 _a312p.
546 _aHindi
651 _aHindi Fiction
942 _2ddc
_cBK
999 _c3733
_d3733